<?xml version="1.0" encoding="UTF-8"?>
<record
    xmlns:xsi="http://www.w3.org/2001/XMLSchema-instance"
    xsi:schemaLocation="http://www.loc.gov/MARC21/slim http://www.loc.gov/standards/marcxml/schema/MARC21slim.xsd"
    xmlns="http://www.loc.gov/MARC21/slim">

  <leader>02215nam a22002537a 4500</leader>
  <controlfield tag="008">251021b        |||||||| |||| 00| 0 eng d</controlfield>
  <datafield tag="020" ind1=" " ind2=" ">
    <subfield code="a">9782253907824</subfield>
  </datafield>
  <datafield tag="040" ind1=" " ind2=" ">
    <subfield code="c">TBS</subfield>
  </datafield>
  <datafield tag="041" ind1=" " ind2=" ">
    <subfield code="a">fre</subfield>
  </datafield>
  <datafield tag="050" ind1=" " ind2=" ">
    <subfield code="a">PQ2716.A82 </subfield>
    <subfield code="b">P76 2023</subfield>
  </datafield>
  <datafield tag="100" ind1=" " ind2=" ">
    <subfield code="a">Pascot, Panayotis</subfield>
    <subfield code="9">26239</subfield>
    <subfield code="e">author</subfield>
  </datafield>
  <datafield tag="245" ind1=" " ind2=" ">
    <subfield code="a">La prochaine fois que tu mordras la poussi&#xE8;re</subfield>
    <subfield code="c">/ Panayotis Pascot</subfield>
  </datafield>
  <datafield tag="260" ind1=" " ind2=" ">
    <subfield code="a">Paris : </subfield>
    <subfield code="b">Stock,</subfield>
    <subfield code="c">2023.</subfield>
  </datafield>
  <datafield tag="300" ind1=" " ind2=" ">
    <subfield code="a">210 pages ;</subfield>
    <subfield code="c">18 cm.</subfield>
  </datafield>
  <datafield tag="520" ind1=" " ind2=" ">
    <subfield code="a">Ce livre me fait peur. Le processus a &#xE9;t&#xE9; douloureux. Mon p&#xE8;re nous a annonc&#xE9; qu&#x2019;il n&#x2019;allait pas tarder &#xE0; mourir et je me suis mis &#xE0; &#xE9;crire. Trois ann&#xE9;es au peigne fin, mes relations, mes pens&#xE9;es parano&#xEF;aques, mon rapport &#xE9;trange &#xE0; lui, crach&#xE9;s sur le papier. Je me suis donn&#xE9; pour but de le tuer avant qu&#x2019;il ne meure. C&#x2019;est l&#x2019;histoire de quelqu&#x2019;un qui cherche &#xE0; tuer. Soi, ou le p&#xE8;re, finalement &#xE7;a revient au m&#xEA;me. &#xBB;
Panayotis Pascot s&#x2019;attaque d&#x2019;une plume tranchante et moderne &#xE0; trois th&#xE9;matiques qu&#x2019;il tisse pour composer un r&#xE9;cit autofictif aussi acide qu&#x2019;ultralucide. L&#x2019;acceptation de son homosexualit&#xE9;, la d&#xE9;pression et la relation filiale s&#x2019;enchev&#xEA;trent ici dans un violent passage &#xE0; l&#x2019;&#xE2;ge adulte.</subfield>
  </datafield>
  <datafield tag="520" ind1=" " ind2=" ">
    <subfield code="a">"This book scares me. The process was painful. My father told us he wouldn&#x2019;t be long for this world and I started to write. Three years under the microscope: my relationships, my paranoid thoughts, my strange bond with him&#x2014;spat onto the page. I set myself the goal of killing him before he died. It&#x2019;s the story of someone who seeks to kill. Oneself, or the father&#x2014;ultimately it&#x2019;s the same thing."

Panayotis Pascot tackles, with a sharp, modern pen, three themes that he weaves together to create an autofictional narrative as acid as it is searingly lucid. The acceptance of his homosexuality, depression, and the filial relationship intertwine here in a violent passage into adulthood.</subfield>
  </datafield>
  <datafield tag="600" ind1=" " ind2="0">
    <subfield code="a">Pascot, Panayotis</subfield>
    <subfield code="x">Childhood and youth</subfield>
    <subfield code="9">26240</subfield>
  </datafield>
  <datafield tag="650" ind1=" " ind2="0">
    <subfield code="a">Fathers and sons</subfield>
    <subfield code="9">14403</subfield>
  </datafield>
  <datafield tag="650" ind1=" " ind2="0">
    <subfield code="a">Depression, Mental</subfield>
    <subfield code="9">26241</subfield>
  </datafield>
  <datafield tag="650" ind1=" " ind2="0">
    <subfield code="a">Homosexuality</subfield>
    <subfield code="9">26242</subfield>
  </datafield>
  <datafield tag="650" ind1=" " ind2="0">
    <subfield code="a">Humorists, French</subfield>
    <subfield code="v">Biography</subfield>
    <subfield code="9">26243</subfield>
  </datafield>
  <datafield tag="655" ind1=" " ind2="0">
    <subfield code="a">Autobiographical fiction</subfield>
    <subfield code="9">23158</subfield>
  </datafield>
  <datafield tag="942" ind1=" " ind2=" ">
    <subfield code="2">lcc</subfield>
  </datafield>
  <datafield tag="952" ind1=" " ind2=" ">
    <subfield code="0">0</subfield>
    <subfield code="1">0</subfield>
    <subfield code="2">lcc</subfield>
    <subfield code="4">0</subfield>
    <subfield code="7">0</subfield>
    <subfield code="a">TBS</subfield>
    <subfield code="b">TBS</subfield>
    <subfield code="d">2025-10-21</subfield>
    <subfield code="l">0</subfield>
    <subfield code="o">P-FR PAS</subfield>
    <subfield code="p">B05719</subfield>
    <subfield code="r">2025-10-21</subfield>
    <subfield code="t">1</subfield>
    <subfield code="w">2025-10-21</subfield>
    <subfield code="y">1</subfield>
  </datafield>
  <datafield tag="999" ind1=" " ind2=" ">
    <subfield code="c">5072</subfield>
    <subfield code="d">5072</subfield>
  </datafield>
</record>
